000 00424 a2200157 4500
003 Nust
005 20170207171612.0
040 _cNust
082 _a621.382
100 _aRaja, Muhammad Yahya (MSEE-19)
245 _aVideo Denoising Through Sparse Representations Using Trained Dictionaries
_cMuhammad Yahya Raja
260 _aRawalpind
_bMCS,NUST
_cJanuary 2016
300 _a37 p
650 _aPG Thesis MSEE
651 _aMSEE-19
942 _cTHS
999 _c217739
_d217739